Indiquez la profession des parents ! 5 - Statistiques

Statistiques générales
  • Ce quiz a été pris 6 fois
  • Le résultat moyen est 2 sur 20
Statistiques - réponses
Hint Réponse % Correct
François Berléand Commerçant
40%
Pierre Arditi Peintre - Décorateur
40%
Daniel Auteuil Chanteurs lyriques
20%
Vincent Cassel Comédien / Rédactrice en chef de magazine
20%
Patrick Chesnais Dessinateur industriel
20%
Jean-François Balmer Expert-comptable
20%
Jacques Perrin Régisseur à la Comédie Française / Comédienne
20%
Jean-Paul Belmondo Sculpteur / Artiste peintre
20%
Jean-Pierre Aumont Administrateur / Actice
0%
Michel Simon Charcutiers
0%
Ary Abittan Chauffeur de taxi
0%
Michel Bouquet Chef-comptable
0%
Niels Arestrup Chef d'atelier - Secrétaire
0%
Edouard Baer Haut-fonctionnaire
0%
Jacques Chazot Industriel
0%
Jean Amadou Inspecteur des PTT
0%
Jean-Louis Barrault Pharmacien
0%
Laurent Terzieff Sculpteur / Artiste peintre
0%
Philippe Noiret Vendeur de faux-cols
0%
Jean-Hugues Anglade Vétérinaire / Assistant sociale
0%
Aucun quiz correspondant
Distribution des résultats
% des personnes avec chaque résultat
Percentile par nombre de réponses
Votre historique - résultats
Vous n’avez pas pris ce quiz